000 00687nam a2200217Ia 4500
003 GCL
005 20240530101757.0
008 140319s9999 xx 000 0 ara d
040 _aGCL /
_cGCL
082 0 4 _a370.15
_bا ت
100 1 _aابراهيم وجيه محمود
245 1 0 _aالتعلم : اسسه ونظرياته وتطبيقاته /
_cابراهيم وجيه محمود
260 _a[S.N] :
_bدار المعرفة الجامعية ،
_c1993
300 _a302 ص
650 0 4 _aالتعليم
650 0 4 _aالتربية
650 0 4 _aعلم النفس التربوى
650 0 4 _aالفروق الفردية
650 0 4 _aالمدرسون
942 _2ddc
_cBK
999 _c27658
_d27658